000 00265nam a2200109Ia 4500
008 220204s9999 xx 000 0 und d
082 _a802
_bBEN
100 _aBenham, R
245 0 _aEveryday English idioms
260 _aBombay
_bD B Taraporevala
_c1975
942 _cBK
999 _c33084
_d33084